La Argentina ante la nueva internacionalización de la producción (Registro nro. 6623)

Detalles MARC
000 -LEADER
fixed length control field 00955 a2200205 4500
001 - CONTROL NUMBER
control field 59204
005 - DATE AND TIME OF LATEST TRANSACTION
control field 20260407155846.0
008 - FIXED-LENGTH DATA ELEMENTS--GENERAL INFORMATION
fixed length control field 260407a2009 arg spa d
003 - CONTROL NUMBER IDENTIFIER
control field AR-UNSa-BCEJYS
040 ## - CATALOGING SOURCE
Original cataloging agency AR-UNSa-BCEJYS
Language of cataloging spa
Transcribing agency AR-UNSa-BCEJYS
080 ## - UNIVERSAL DECIMAL CLASSIFICATION NUMBER
Universal Decimal Classification number 327
Common auxiliary subdivision Relaciones internacionales. Política internacional. Asuntos internacionales. Política exterior<br/>
020 ## - INTERNATIONAL STANDARD BOOK NUMBER
International Standard Book Number 978-987-25514-0-7
100 1# - MAIN ENTRY--PERSONAL NAME
Personal name Kosacoff, Bernardo
245 10 - TITLE STATEMENT
Title La Argentina ante la nueva internacionalización de la producción
Name of part/section of a work crisis y oportunidades
264 #1 - PRODUCTION, PUBLICATION, DISTRIBUTION, MANUFACTURE, AND COPYRIGHT NOTICE
Place of production, publication, distribution, manufacture Buenos Aires :
Name of producer, publisher, distributor, manufacturer CEPAL
Date of production, publication, distribution, manufacture, or copyright notice 2009
300 ## - PHYSICAL DESCRIPTION
Extent 312 p.
Dimensions 22 cm.
505 ## - FORMATTED CONTENTS NOTE
Formatted contents note 1. Crisis internacional y estrategia macroeconómica – 2. Comercio e inserción internacional – 3. Inversión extranjera directa y cadenas de valor en la industria y servicios – 4. Cadenas de valor en la agroindustria – 5. Modelos y escenarios multisectoriales
590 ## - LOCAL NOTE (RLIN)
Local note niveau_biblio:m niveau_hierar:0
942 ## - ADDED ENTRY ELEMENTS (KOHA)
Koha item type
Existencias
Withdrawn status Lost status Damaged status Not for loan Home library Current library Shelving location Date acquired Total checkouts Full call number Barcode Date last seen Price effective from Koha item type
        Biblioteca Prof. Eusebio Cleto del Rey Biblioteca Prof. Eusebio Cleto del Rey   07/04/2026   327 K86 L117755 07/04/2026 07/04/2026 Libro